NCAA Division II Football Teams - Statistics

General Stats
  • This quiz has been taken 218 times
  • The average score is 56 of 165
Answer Stats
Conference Team % Correct
PSAC IUP Crimson Hawks
63%
NSIC Minnesota-Duluth Bulldogs
62%
PSAC California (PA) Vulcans
59%
NSIC Bemidji State Beavers
58%
PSAC Slippery Rock Rock
57%
NSIC Minnesota State Mavericks
56%
PSAC Shippensburg Red Raiders
56%
MIAA Pittsburg State Gorillas
55%
PSAC Bloomsburg Huskies
54%
G-MAC Findlay Oilers
54%
PSAC Kutztown Golden Bears
54%
GLIAC Wayne State (MI) Warriors
54%
NSIC Wayne State (NE) Wildcats
54%
SIAC Tuskegee Golden Tigers
53%
PSAC Clarion Golden Eagles
52%
GLIAC Ferris State Bulldogs
52%
PSAC Edinboro Fighting Scots
51%
PSAC Lock Haven Bald Eagles
51%
CIAA Bowie State Bulldogs
49%
MIAA Fort Hays State Tigers
49%
PSAC Millersville Marauders
49%
GLIAC Northern Michigan Wildcats
49%
NSIC Sioux Falls Cougars
49%
PSAC West Chester Golden Rams
49%
G-MAC Hillsdale Chargers
48%
NSIC Minnesota State-Moorhead Dragons
48%
G-MAC Ashland Eagles
47%
CIAA Bluefield State Big Blues
47%
PSAC East Stroudsburg Warriors
47%
GLIAC Grand Valley State Lakers
47%
GLIAC Michigan Tech Huskies
47%
GSC Valdosta State Blazers
47%
MIAA Emporia State Hornets
46%
MIAA Nebraska-Kearney Lopers
46%
NSIC Augustana Vikings
45%
NSIC Minot State Beavers
45%
PSAC Shepherd Rams
45%
Mountain East Frostburg State Bobcats
44%
SIAC Savannah State Tigers
44%
G-MAC Tiffin Dragons
44%
NSIC Winona State Warriors
44%
Mountain East Charleston (WV) Golden Eagles
43%
RMAC CSU Pueblo ThunderWolves
43%
Mountain East Wheeling Cardinals
43%
CIAA Winston-Salem State Rams
43%
CIAA Fayetteville State Broncos
42%
NSIC Mary Marauders
42%
SAC Wingate Bulldogs
42%
SIAC Albany State Golden Rams
41%
RMAC Chadron State Eagles
41%
GLVC Indianapolis Greyhounds
41%
Mountain East West Virginia State Yellow Jackets
41%
MIAA Missouri Western State Griffons
40%
GAC Arkansas-Monticello Boll Weevils
39%
SAC Virginia-Wise Cavaliers
39%
MIAA Central Missouri Mules
38%
Lone Star Texas A&M-Kingsville Javelinas
38%
SAC Tusculum Pioneers
38%
Mountain East UNC Pembroke Braves
38%
SAC Anderson Trojans
37%
RMAC Colorado Mines Orediggers
37%
CIAA Elizabeth City State Vikings
37%
GSC West Florida Argonauts
37%
MIAA Central Oklahoma Bronchos
36%
Lone Star Eastern New Mexico Greyhounds
36%
SIAC Fort Valley State Wildcats
36%
SIAC Kentucky State Thorobreds
36%
SAC Mars Hill Lions
36%
GLVC Missouri S&T Miners
36%
Lone Star Western New Mexico Mustangs
36%
SAC Newberry Wolves
35%
NE-10 New Haven Chargers
35%
RMAC Western Colorado Mountaineers
35%
Mountain East West Liberty Hilltoppers
35%
SIAC Clark Atlanta Panthers
34%
Mountain East Concord Mountain Lions
34%
Mountain East Glenville State Pioneers
34%
NSIC Northern State Wolves
34%
GLVC Quincy Hawks
34%
CIAA Virginia State Trojans
34%
GAC Arkansas Tech Wonder Boys
33%
Lone Star Central Washington Wildcats
33%
Mountain East Fairmont State Falcons
33%
MIAA Northwest Missouri State Bearcats
33%
NSIC Southwest Minnesota Mustangs
33%
G-MAC Thomas More Saints
33%
RMAC Black Hills State Yellow Jackets
32%
MIAA Missouri Southern State Lions
32%
NSIC Concordia-St. Paul Golden Bears
31%
Lone Star Texas-Permian Basin Falcons
31%
MIAA Washburn Ichabods
31%
GSC West Alabama Tigers
31%
Lone Star Western Oregon Wolves
31%
RMAC Adams State Grizzlies
30%
Lone Star Angelo State Rams
30%
GLVC Lincoln (MO) Blue Tigers
30%
CIAA Lincoln (PA) Lions
30%
GAC Southwestern Oklahoma State Bulldogs
30%
GSC Delta State Statesmen
29%
RMAC New Mexico Highlands Cowboys
29%
GLIAC Saginaw Valley State Cardinals
29%
GAC Southeastern Oklahoma State Savage Storm
29%
RMAC Colorado Mesa Mavericks
28%
PSAC Gannon Golden Knights
28%
GAC Harding Bisons
28%
GAC Ouachita Baptist Tigers
28%
GLVC Truman Bulldogs
28%
CIAA Virginia Union Panthers
28%
GLIAC Davenport Panthers
27%
PSAC Mercyhurst Lakers
27%
GAC Oklahoma Baptist Bison
27%
RMAC South Dakota Mines Hardrockers
27%
GAC Southern Arkansas Muleriders
27%
Lone Star West Texas A&M Buffaloes
27%
G-MAC Lake Erie Storm
26%
Independent Northeastern State RiverHawks
26%
GAC Northwestern Oklahoma State Rangers
26%
NE-10 Bentley Falcons
25%
RMAC Fort Lewis Skyhawks
25%
GLVC McKendree Bearcats
25%
SIAC Morehouse Maroon Tigers
25%
NE-10 American International Yellow Jackets
24%
CIAA Johnson C. Smith Golden Bulls
24%
GLVC Upper Iowa Peacocks
24%
GAC East Central Tigers
23%
G-MAC Kentucky Wesleyan Panthers
23%
GSC Mississippi College Choctaws
23%
G-MAC Northwood Timberwolves
23%
CIAA Shaw Bears
23%
GAC Southern Nazarene Crimson Storm
23%
Lone Star Sul Ross State Lobos
23%
Mountain East West Virginia Wesleyan Bobcats
23%
SAC Emory & Henry Wasps
22%
GAC Henderson State Reddies
22%
Lone Star Midwestern State Mustangs
22%
GLIAC Roosevelt Lakers
22%
NE-10 Southern Connecticut Fighting Owls
22%
GLVC Southwest Baptist Bearcats
22%
GLVC William Jewell Cardinals
22%
G-MAC Walsh Cavaliers
21%
SIAC Allen Yellow Jackets
20%
NE-10 Assumption Greyhounds
20%
NE-10 Franklin Pierce Ravens
20%
G-MAC Ohio Dominican Panthers
20%
PSAC Seton Hill Griffins
20%
SIAC Benedict Tigers
19%
SIAC Central State Marauders
19%
SAC Lenoir-Rhyne Bears
19%
NE-10 Pace Setters
19%
SAC Catawba Indians
18%
GSC North Greenville Crusaders
18%
Independent Shorter Hawks
18%
SAC Carson-Newman Eagles
17%
SIAC Miles Golden Bears
17%
NE-10 St. Anselm Hawks
17%
SIAC Edward Waters Tigers
16%
GSC Chowan Hawks
15%
SAC Barton Bulldogs
14%
GSC Erskine Flying Fleet
14%
SIAC Lane Dragons
14%
CIAA Livingstone Blue Bears
14%
Mountain East Notre Dame (OH) Falcons
14%
NE-10 Post Eagles
14%
SAC Limestone Saints
13%
CIAA St. Augustine's Falcons
8%
No matching quizzes found
Score Distribution
Percent of People with Each Score
Percentile by Number Answered
Your Score History
You have not taken this quiz